<?xml version="1.0" encoding="UTF-8"?>
<record
    xmlns:xsi="http://www.w3.org/2001/XMLSchema-instance"
    xsi:schemaLocation="http://www.loc.gov/MARC21/slim http://www.loc.gov/standards/marcxml/schema/MARC21slim.xsd"
    xmlns="http://www.loc.gov/MARC21/slim">

  <leader>03834cam a2200217 i 4500</leader>
  <datafield tag="020" ind1=" " ind2=" ">
    <subfield code="a">9781422163085 (hardback)</subfield>
  </datafield>
  <datafield tag="040" ind1=" " ind2=" ">
    <subfield code="c">DLC</subfield>
  </datafield>
  <datafield tag="082" ind1="0" ind2="0">
    <subfield code="a">658 HAR 2015 A113 Or.</subfield>
  </datafield>
  <datafield tag="100" ind1="1" ind2=" ">
    <subfield code="a">Gomes-Casseres, Benjamin.</subfield>
  </datafield>
  <datafield tag="245" ind1="1" ind2="0">
    <subfield code="a">Remix strategy :</subfield>
    <subfield code="b">the three laws of business combinations /</subfield>
  </datafield>
  <datafield tag="300" ind1=" " ind2=" ">
    <subfield code="a">viii, 278 pages ;</subfield>
    <subfield code="c">25 cm</subfield>
  </datafield>
  <datafield tag="520" ind1=" " ind2=" ">
    <subfield code="a">"Alliances, partnerships, acquisitions, mergers, and joint ventures are no longer exceptions in most businesses-they are part of the core strategy. As companies look to external partners for acquiring even strategic resources and capabilities, they need a practical road map for ensuring these relationships generate value. What combinations of resources do we need? How do we manage them over time? What profits will we earn? Will they justify our investments?  Benjamin Gomes-Casseres shares insight from decades of consulting and academic research on how companies create new value by "remixing" resources with other companies. Organized around three laws, Remix Strategy explains how companies can gain the most from their business combinations: &#x2022;  First Law: The value created by the combination should exceed the total that would be generated by the players acting alone. How much more value can we create together in the market, together? What lies behind this "joint value"? &#x2022;  Second Law: The combination must be designed and managed to realize the joint value in reality. What partners and structures fit this goal best? How do we manage those elements that are the sources of the joint value? &#x2022;  Third Law: Each participant must earn sufficient profits to reward its investment. How do we divide the joint value? How might these shares change over time?  Other books explain how to structure deals or how to navigate complexities of organization and culture. This book provides core principles and a practical framework for creating and capturing value, no matter the path chosen"--</subfield>
  </datafield>
  <datafield tag="520" ind1=" " ind2=" ">
    <subfield code="a">"Alliances, partnerships, acquisitions, mergers, and joint ventures are no longer exceptions in most businesses--they are part of the core strategy. As companies look to external partners for acquiring even strategic resources and capabilities, they need a practical road map for ensuring these relationships generate value. What combinations of resources do we need? How do we manage them over time? What profits will we earn? Will they justify our investments? Benjamin Gomes-Casseres shares insight from decades of consulting and academic research on how companies create new value by "remixing" resources with other companies. Organized around three laws, Remix Strategy explains how companies can gain the most from their business combinations: - First Law: The value created by the combination should exceed the total that would be generated by the players acting alone. How much more value can we create together in the market, together? What lies behind this "joint value"? - Second Law: The combination must be designed and managed to realize the joint value in reality. What partners and structures fit this goal best? How do we manage those elements that are the sources of the joint value? - Third Law: Each participant must earn sufficient profits to reward its investment. How do we divide the joint value? How might these shares change over time? Other books explain how to structure deals or how to navigate complexities of organization and culture. This book provides core principles and a practical framework for creating and capturing value, no matter the path chosen"--</subfield>
  </datafield>
  <datafield tag="650" ind1=" " ind2="0">
    <subfield code="a">Strategic alliances (Business).</subfield>
  </datafield>
  <datafield tag="650" ind1=" " ind2="0">
    <subfield code="a">Business networks.</subfield>
  </datafield>
  <datafield tag="650" ind1=" " ind2="0">
    <subfield code="a">Strategic planning.</subfield>
  </datafield>
  <datafield tag="650" ind1=" " ind2="7">
    <subfield code="a">BUSINESS &amp; ECONOMICS / Strategic Planning.</subfield>
  </datafield>
  <datafield tag="650" ind1=" " ind2="7">
    <subfield code="a">BUSINESS &amp; ECONOMICS / Leadership.</subfield>
  </datafield>
  <datafield tag="650" ind1=" " ind2="7">
    <subfield code="a">BUSINESS &amp; ECONOMICS / Management.</subfield>
  </datafield>
  <datafield tag="942" ind1=" " ind2=" ">
    <subfield code="c">EK</subfield>
  </datafield>
  <datafield tag="999" ind1=" " ind2=" ">
    <subfield code="c">17395</subfield>
    <subfield code="d">17395</subfield>
  </datafield>
  <datafield tag="952" ind1=" " ind2=" ">
    <subfield code="0">0</subfield>
    <subfield code="1">0</subfield>
    <subfield code="4">0</subfield>
    <subfield code="6">658_000000000000000_HAR_2015_A113_OR</subfield>
    <subfield code="7">0</subfield>
    <subfield code="9">75527</subfield>
    <subfield code="a">LBA</subfield>
    <subfield code="b">LBA</subfield>
    <subfield code="c">A113</subfield>
    <subfield code="d">2018-11-19</subfield>
    <subfield code="o">658 HAR 2015 A113 Or.</subfield>
    <subfield code="p">A36980</subfield>
    <subfield code="r">2018-11-19</subfield>
    <subfield code="w">2018-11-19</subfield>
    <subfield code="y">EK</subfield>
  </datafield>
  <datafield tag="952" ind1=" " ind2=" ">
    <subfield code="0">0</subfield>
    <subfield code="1">0</subfield>
    <subfield code="4">0</subfield>
    <subfield code="6">658_000000000000000_HAR_2015_A113_OR</subfield>
    <subfield code="7">0</subfield>
    <subfield code="9">75528</subfield>
    <subfield code="a">LBA</subfield>
    <subfield code="b">LBA</subfield>
    <subfield code="c">A113</subfield>
    <subfield code="d">2018-11-20</subfield>
    <subfield code="o">658 HAR 2015 A113 Or.</subfield>
    <subfield code="p">A36981</subfield>
    <subfield code="r">2018-11-20</subfield>
    <subfield code="w">2018-11-20</subfield>
    <subfield code="y">EK</subfield>
  </datafield>
  <datafield tag="952" ind1=" " ind2=" ">
    <subfield code="0">0</subfield>
    <subfield code="1">0</subfield>
    <subfield code="4">0</subfield>
    <subfield code="6">658_000000000000000_HAR_2015_A113_OR</subfield>
    <subfield code="7">0</subfield>
    <subfield code="9">75554</subfield>
    <subfield code="a">LBA</subfield>
    <subfield code="b">LBA</subfield>
    <subfield code="c">A113</subfield>
    <subfield code="d">2018-11-20</subfield>
    <subfield code="o">658 HAR 2015 A113 Or.</subfield>
    <subfield code="p">A38225</subfield>
    <subfield code="r">2018-11-20</subfield>
    <subfield code="y">EK</subfield>
  </datafield>
</record>
